Relojes antiguos (1500-1850) (Record no. 108626)

MARC details
000 -LEADER
campo de control de longitud fija 00524nam a2200169 i 4500
001 - NÚMERO DE CONTROL
campo de control 108626
003 - IDENTIFICADOR DE NÚMERO DE CONTROL
campo de control ES-MaACL
005 - FECHA Y HORA DE LA ÚLTIMA TRANSACCIÓN
campo de control 20230906184657.0
007 - CAMPO FIJO DE DESCRIPCIÓN FÍSICA--INFORMACIÓN GENERAL
campo de control de longitud fija t|
008 - DATOS DE LONGITUD FIJA--INFORMACIÓN GENERAL
campo de control de longitud fija 061121s1955 sp r ||||1| spa d
100 1# - ENTRADA PRINCIPAL--NOMBRE DE PERSONA
Nombre de persona Monreal y Tejada, Luis.
9 (RLIN) 82276
245 10 - MENCIÓN DEL TÍTULO
Título Relojes antiguos (1500-1850)
Resto del título : colección de F. Pérez de Olaguer. /
Mención de responsabilidad, etc. Luis Monreal y Tejada.
260 ## - PUBLICACIÓN, DISTRIBUCIÓN, ETC.
Lugar de publicación, distribución, etc. Barcelona :
Nombre del editor, distribuidor, etc. Heraclio Fournier,
Fecha de publicación, distribución, etc. 1955.
300 ## - DESCRIPCIÓN FÍSICA
Extensión 14 p., lám. :
Otras características físicas il. ;
Dimensiones 24 cm.
650 ## - PUNTO DE ACCESO ADICIONAL DE MATERIA--TÉRMINO DE MATERIA
Término de materia o nombre geográfico como elemento de entrada Relojes.
9 (RLIN) 16839
852 ## - LOCALIZACIÓN
Ubicación ES-MaACL
Número de control de estantería C-11261
Holdings
Estatus retirado Estado de pérdida Estado de daño No para préstamo Biblioteca de origen Biblioteca actual Ubicación en estantería Fecha de adquisición Fuente de adquisición Total de préstamos Signatura topográfica completa Código de barras Visto por última vez Precio de reemplazo Tipo de ítem Koha
        Biblioteca del Ateneo de Madrid Biblioteca del Ateneo de Madrid Sala Palomar 17/01/2008     C-11261 1113345 23/02/2023 23/02/2023 Libro impreso